|
|
|
|
| LEADER |
01177nam a22003137a 4500 |
| 001 |
33901 |
| 003 |
BD-DhAAL |
| 005 |
20181025152426.0 |
| 008 |
181025t2018 ii |||| |||| 00| 1 eng d |
| 999 |
|
|
|c 40090
|d 40090
|
| 020 |
|
|
|a 9789352778959 (ebook)
|
| 020 |
|
|
|a 9789352778966 (ebook)
|
| 082 |
|
|
|a 891.44371
|2 23
|
| 100 |
|
|
|a Hoque, Anisul
|9 28642
|
| 245 |
|
|
|a The ballad of Ayesha :
|b a novel /
|c Anisul Hoque ; translated from the Bengali by Inam Ahmed
|
| 260 |
|
|
|a Uttar Pradesh, India :
|b HarperPerennial,
|c c2018
|
| 300 |
|
|
|a 186 pages ;
|b 20 cm.
|
| 526 |
|
|
|a AAL
|
| 541 |
|
|
|a Trim Education
|e 33901
|
| 650 |
|
|
|a Bengali fiction
|9 28643
|
| 650 |
|
|
|a Women
|z Bangladesh
|v Fiction
|9 28644
|
| 650 |
|
|
|a Women
|9 28645
|
| 650 |
|
|
|a Politics and government
|9 28646
|
| 651 |
|
|
|a Bangladesh
|x Politics and government
|y 1971
|v Fiction
|9 28647
|
| 651 |
|
|
|a Bangladesh
|9 28648
|
| 700 |
|
|
|a Ahmed, Inam
|9 28649
|
| 852 |
|
|
|a Ayesha Abed Library
|c General Stacks
|
| 942 |
|
|
|2 ddc
|c BK
|
| 952 |
|
|
|0 0
|1 0
|2 ddc
|4 0
|6 891_443710000000000_HOQ
|7 0
|9 64514
|a BRACUL
|b BRACUL
|c GEN
|d 2018-10-22
|e Trim Education
|g 1515.00
|l 5
|m 13
|o 891.44371 HOQ
|p 3010033901
|r 2022-11-13
|s 2022-10-12
|t 1
|v 1515.00
|w 2018-10-22
|y BK
|